000 00552nam a22002177a 4500
005 20191122132431.0
008 191122b xxu||||| |||| 00| 0 eng d
020 _a9780230249844
_cRs.1622.70
040 _aLoreto College
041 _aEnglish
082 _a951
_bROB
100 _aRoberts,J.A.G.
245 _aA history of China
_cJ.A.G.Roberts
250 _a3rd ed.
260 _aHampshire
_bPalgrave Macmillan
_c2011
300 _axxvii,389p
_b22cm
504 _aIncludes index
650 _aHistory
_zChina
850 _aLCLIB
942 _cBK
999 _c42469
_d92948